Länder efter bokstav - D - Statistics

General Stats
  • This quiz has been taken 106 times
  • The average score is 3 of 5
Answer Stats
Land % Correct
Danmark
97%
Demokratiska republiken {Kongo}
66%
Djibouti
55%
Dominikanska republiken
50%
Dominica
42%
No matching quizzes found
Score Distribution
Percent of People with Each Score
Percentile by Number Answered
Your Score History
You have not taken this quiz